LEADER 02686nam0 22005413i 450 001 VAN00184436 005 20240806101112.91 017 70$2N$a9783319444598 100 $a20210716d2017 |0itac50 ba 101 $aeng 102 $aCH 105 $a|||| ||||| 200 1 $aDynamics and Characterization of Composite Quantum Systems$eDoctoral Thesis accepted by Albert Ludwigs University of Freiburg, Germany$fManuel Gessner 210 $aCham$cSpringer$d2017 215 $axv, 347 p.$cill.$d24 cm 410 1$1001VAN00104193$12001 $aSpringer theses$erecognizing outstanding Ph.D. research$1210 $aBerlin$cSpringer$d2010- 500 1$3VAN00184437$aDynamics and Characterization of Composite Quantum Systems$91826396 606 $a00A79 (77-XX)$xPhysics [MSC 2020]$3VANC023182$2MF 606 $a35P30$xNonlinear eigenvalue problems and nonlinear spectral theory for PDEs [MSC 2020]$3VANC023297$2MF 606 $a68M07$xMathematical problems of computer architecture [MSC 2020]$3VANC033623$2MF 606 $a81-XX$xQuantum theory [MSC 2020]$3VANC019967$2MF 606 $a81P68$xQuantum computation [MSC 2020]$3VANC019948$2MF 606 $a81V80$xQuantum optics [MSC 2020]$3VANC023592$2MF 606 $a81Vxx$xApplications of quantum theory to specific physical systems [MSC 2020]$3VANC023107$2MF 606 $a82Cxx$xTime-dependent statistical mechanics (dynamic and nonequilibrium) [MSC 2020]$3VANC025543$2MF 610 $a2D Spectroscopy$9KW:K 610 $aDecoherence of Identical Particles$9KW:K 610 $aMultidimensional Spectroscopy$9KW:K 610 $aNonlinear Spectroscopy$9KW:K 610 $aOpen Quantum Systems$9KW:K 610 $aQuantum Bifurcation$9KW:K 610 $aQuantum Discord$9KW:K 610 $aQuantum Entanglement$9KW:K 610 $aQuantum Phase Transitions$9KW:K 610 $aSemiclassical Energy$9KW:K 610 $aSystem-Environment Correlations$9KW:K 610 $aTrapped Ions$9KW:K 620 $aCH$dCham$3VANL001889 700 1$aGessner$bManuel$3VANV165075$0819542 712 $aSpringer $3VANV108073$4650 801 $aIT$bSOL$c20250221$gRICA 856 4 $uhttp://doi.org/10.1007/978-3-319-44459-8$zE-book ? Accesso al full-text attraverso riconoscimento IP di Ateneo, proxy e/o Shibboleth 899 $aBIBLIOTECA DEL DIPARTIMENTO DI MATEMATICA E FISICA$1IT-CE0120$2VAN08 912 $fN 912 $aVAN00184436 950 $aBIBLIOTECA DEL DIPARTIMENTO DI MATEMATICA E FISICA$d08DLOAD e-book 3090 $e08eMF3090 20210716 996 $aDynamics and Characterization of Composite Quantum Systems$91826396 997 $aUNICAMPANIA LEADER 02219nam2 22005293i 450 001 VAN00301686 005 20260122030949.748 017 70$2N$a9789819748846 100 $a20260119d2024 |0itac50 ba 101 $aeng 102 $aSG 105 $a|||| ||||| 181 $ai$b e 182 $ab 183 $acr 200 1 $aˆ2: ‰Advances in Fibers, Optical Sensors, Optical Communications and Networks$e Proceedings of PHOTONICS 2023$eVolume 2$fVarun Raghunathan, Tapajyoti Das Gupta, Sebabrata Mukherjee editors 210 $aSingapore$cSpringer$d2024 215 $axvi, 239 p.$cill.$d24 cm 410 1$1001VAN00107673$12001 $aLecture Notes in Electrical Engineering$1210 $aCham$cSpringer$d2007-$v1225 461 1$1001VAN00301685$12001 $aProceedings of PHOTONICS 2023$1210 $aSingapore$cSpringer$d2024-2025$1215 $a4 volumi$cill.$d24 cm$1300 $aI curatori variano$v2 610 $aBioimaging$9KW:K 610 $aBiophotonics$9KW:K 610 $aFibers and Sensors$9KW:K 610 $aNanophotonics$9KW:K 610 $aNetworks$9KW:K 610 $aOptical Communication$9KW:K 610 $aOptical Metrology and Instrumentation$9KW:K 610 $aOptoelectronics$9KW:K 610 $aOptofluidics$9KW:K 610 $aPhotonic Integrated Circuits$9KW:K 610 $aPhotonics$9KW:K 610 $aQuantum Optics$9KW:K 610 $a?Laser and Applications$9KW:K 610 $a?Non-linear and ultrafast photonics$9KW:K 610 $a?Novel Optical Materials$9KW:K 620 $aSG$dSingapore$3VANL000061 702 1$aDas Gupta$bTapajyoti$3VANV255720$4340 702 1$aMukherjee$bSebabrata$3VANV255721$4340 702 1$aRaghunathan$bVarun$3VANV255719$4340 710 12$aInternational Conference on Photonics$f2023$eBangalore, India$3VANV255718$01889510 712 $aSpringer $3VANV108073$4650 801 $aIT$bSOL$c20260123$gRICA 856 4 $uhttps://doi.org/10.1007/978-981-97-4884-6$zE-book ? Accesso al full-text attraverso riconoscimento IP di Ateneo, proxy e/o Shibboleth 912 $fN 912 $aVAN00301686 996 $aAdvances in Fibers, Optical Sensors, Optical Communications and Networks$94530027 997 $aUNICAMPANIA